Statistiques concernant Trouve les paroles : Benab feat. Imen Es - Maladie

Cliquez ici pour prendre le quiz!

Statistiques générales

  • Ce quiz a été pris 7 fois
  • Le résultat moyen est 102 sur 328

Statistiques - réponses

Paroles% Correct
a
86%
à
86%
ma
86%
mal
86%
maladie,
86%
De
71%
de
71%
il
71%
la
71%
Le
71%
le
71%
Pour
71%
T'es
71%
dans
57%
du
57%
et
57%
Et
57%
j'ai
57%
J'ai
57%
"je
57%
Tu
57%
tu
57%
des
43%
en
43%
est
43%
les
43%
me
43%
mon
43%
nous
43%
que
43%
qui
43%
s'en
43%
ta
43%
Un
43%
un
43%
une
43%
au
29%
coeur
29%
comme
29%
donne
29%
faut,
29%
faut
29%
guérir,
29%
j'te
29%
mélodie,
29%
moi
29%
Moi,
29%
nos
29%
Nos
29%
pas
29%
plus
29%
Sans
29%
toi,
29%
toi
29%
va
29%
vie,
29%
Ami
14%
amour
14%
anneaux,
14%
avis,
14%
beaucoup
14%
belle,
14%
Besoin
14%
besoin
14%
c'est
14%
datent
14%
déchiré
14%
déguisés
14%
demain
14%
deux,
14%
devant
14%
devenir
14%
d'hier,
14%
diff
14%
différé
14%
différent,
14%
dit",
14%
d'la
14%
doux,
14%
d'promesse
14%
d'te
14%
éloignées
14%
entière,
14%
euros,
14%
fais
14%
fasciné,
14%
fera
14%
forte
14%
forte.
14%
fout,
14%
fuirais
14%
hantent,
14%
jaloux
14%
J'écoute
14%
j'ferais
14%
j'les
14%
j'reste
14%
j'suis
14%
J'suis
14%
j't'ai
14%
j'tourne
14%
j'veux
14%
l'amour
14%
l'annulaire,
14%
l'Audi
14%
leurs
14%
libérer
14%
l'ignorante,
14%
lumière?
14%
lunaire
14%
l'vivre
14%
mais
14%
maladif
14%
m'as
14%
maudits
14%
m'donnes
14%
même
14%
moitié
14%
mots
14%
n'écoute
14%
N'écoute
14%
Notre
14%
nouveaux
14%
on
14%
"on
14%
pareil
14%
peste
14%
peu
14%
peut
14%
prises
14%
problèmes
14%
Quatre
14%
-Regarde
14%
reste
14%
restes
14%
retournent
14%
rond
14%
routes
14%
scène
14%
seras
14%
s'éteint
14%
si
14%
sique
14%
sont
14%
souvent
14%
sur
14%
t'aime"
14%
t'as
14%
temps
14%
tête
14%
têtue
14%
t'guérir,
14%
vestes
14%
voir,
14%
vont,
14%
y
14%
Y
14%
amours
0%
avance
0%
biff,
0%
croire,
0%
délirante,
0%
j'faiq
0%
l'anneau
0%
L'histoire
0%
noir,
0%
petits
0%
qu'c'est
0%
signe,
0%
vrai
0%

Distribution des résultats

Percentile par nombre de réponses

% des personnes avec chaque résultat

Votre développement - résultats

Vous n’avez pas pris ce quiz